| 000 | 00424nam a22001457a 4500 | ||
|---|---|---|---|
| 020 | _qPB. | ||
| 040 | _cFizza Ishaq | ||
| 082 |
_a620.004 _bDAV |
||
| 100 |
_aMadsen, A. David. _9134151 |
||
| 245 |
_aAutocad and Its Applications / _cDavid A. Madsen. |
||
| 250 | _aRelease 11. | ||
| 260 |
_bGoodheart-Willcox Pub, _c1992. |
||
| 300 |
_a1-1,H-7 I-1xIn 22 p, ; ill ; intex include _c11″ x 1.5″ x 8.75″ |
||
| 942 |
_2ddc _cBK |
||
| 999 |
_c617094 _d617094 |
||